Normal view
MARC view
- Apple Writer II (Computer program)
Entry Corporate Name
001 - CONTROL NUMBER
- control field: 114125
003 - CONTROL NUMBER IDENTIFIER
- control field: NUST
005 - DATE AND TIME OF LATEST TRANSACTION
- control field: 20230815150209.0
008 - FIXED-LENGTH DATA ELEMENTS
- fixed length control field: 230815|| aca||aabn | a|a d
040 ## - CATALOGING SOURCE
- Original cataloging agency: NUST
- Transcribing agency: NUST
110 ## - HEADING--CORPORATE NAME
- Corporate name or jurisdiction name as entry element: Apple Writer II (Computer program)
670 ## - SOURCE DATA FOUND
- Source citation: Work cat.: (NUST)193569: Freiwald, Leah. 114124, Apple Writer II made easy /, c1986.
